[Event "New York/Lyon (m/18)"]
[Site "?"]
[Date "1990.??.??"]
[Round "?"]
[White "Kasparov, Garry"]
[Black "Karpov, An"]
[Result "1-0"]
[WhiteElo "2800"]
[BlackElo "2730"]
[PlyCount "113"]
[EventDate "1990.??.??"]
[Source "ChessBase"]
[SourceDate "1990.07.01"]

1. e4 e5 2. Nf3 Nc6 3. Bb5 a6 4. Ba4 Nf6 5. O-O Be7 6. Re1 b5 7. Bb3 d6 8. c3 O-O 9. h3 Nd7 10. d4 Bf6 11. a4 Bb7 12. Na3 exd4 13. cxd4 Nb6 14. Bf4 bxa4 15. Bxa4 Nxa4 16. Qxa4 a5 17. Bd2 Re8 18. d5 Nb4 19. Bxb4 axb4 20. Qxb4 Rb8 21. Qc4 Qc8 22. Nd4 Ba6 23. Qc3 c5 24. dxc6 Bxd4 25. Qxd4 Qxc6 26. b4 h6 27. Re3 Re6 28. f3 Rc8 29. Rb3 Bb5 30. Rb2 Qb7 31. Nc2 Rg6 32. Qf2 Qe7 33. Ne3 Qe5 34. Rbb1 Bd7 35. Ra5 Qe7 36. Nd5 Qd8 37. Ra7 Kh7 38. Kh2 Rb8 39. f4 Re6 40. Qd4 Qe8 41. Re1 Bc6 42. Qd3 Qf8 43. Rc1 Bxd5 44. exd5+ Rg6 45. Qf5 Kg8 46. Rac7 Rf6 47. Qd7 Rd8 48. Qxd8 Qxd8 49. Rc8 Qf8 50. R1c4 Rf5 51. Rxf8+ Kxf8 52. Rd4 h5 53. b5 Ke7 54. b6 Kd7 55. g4 hxg4 56. hxg4 Rf6 57. Rc4 1-0

[Event "New York"]
[Site "?"]
[Date "1990.??.??"]
[Round "12"]
[White "Kasparov, Gary"]
[Black "Karpov, Anatoly"]
[Result "1/2-1/2"]
[WhiteElo "2800"]
[BlackElo "2730"]
[PlyCount "79"]
[EventDate "1990.??.??"]
[Source "www.chesslib.no"]
[SourceDate "2004.05.04"]

1. e4 e5 2. Nf3 Nc6 3. Bb5 a6 4. Ba4 Nf6 5. O-O Be7 6. Re1 b5 7. Bb3 d6 8. c3 O-O 9. h3 Nd7 10. d4 Bf6 11. a4 Bb7 12. Na3 exd4 13. cxd4 Na5 14. Ba2 b4 15. Nc4 Nxc4 16. Bxc4 Re8 17. Qb3 Rxe4 18. Bxf7+ Kh8 19. Be3 Re7 20. Bd5 c6 21. Be6 Nf8 22. Bg4 a5 23. Rac1 Ng6 24. Bh5 Rc8 25. Bg4 Rb8 26. Qc2 Rc7 27. Qf5 Ne7 28. Qd3 Nd5 29. Bd2 c5 30. Be6 Nb6 31. dxc5 dxc5 32. Qxd8+ Rxd8 33. Bf4 Re7 34. Ng5 Bd5 35. Bxd5 Rxd5 36. Rxe7 Bxe7 37. Re1 Rd7 38. Nf7+ Kg8 39. Ne5 Rb7 40. Nc6 1/2-1/2

[Event "New York/Lyon (m/6)"]
[Site "?"]
[Date "1990.??.??"]
[Round "?"]
[White "Kasparov, Garry"]
[Black "Karpov, An"]
[Result "1/2-1/2"]
[WhiteElo "2800"]
[BlackElo "2730"]
[PlyCount "83"]
[EventDate "1990.??.??"]
[Source "ChessBase"]
[SourceDate "1990.07.01"]

1. e4 e5 2. Nf3 Nc6 3. Bb5 a6 4. Ba4 Nf6 5. O-O Be7 6. Re1 b5 7. Bb3 d6 8. c3 O-O 9. h3 Nd7 10. d4 Bf6 11. a4 Bb7 12. axb5 axb5 13. Rxa8 Qxa8 14. d5 Na5 15. Bc2 Nc4 16. b3 Ncb6 17. Na3 Ba6 18. Nh2 c6 19. dxc6 Qxc6 20. Bd2 Be7 21. Ng4 Ra8 22. Ne3 Nf6 23. Nf5 Bf8 24. Bg5 Nbd7 25. c4 bxc4 26. bxc4 Bxc4 27. Nxc4 Qxc4 28. Bb3 Qc3 29. Kh2 h6 30. Bxf6 Nxf6 31. Re3 Qc7 32. Rf3 Kh7 33. Ne3 Qe7 34. Nd5 Nxd5 35. Bxd5 Ra7 36. Qb3 f6 37. Qb8 g6 38. Rc3 h5 39. g4 Kh6 40. gxh5 Kxh5 41. Rc8 Bg7 42. Re8 1/2-1/2

[Event "FIDE World Candidate"]
[Site "FIDE World Candidate"]
[Date "1995.??.??"]
[Round "?"]
[White "Gelfand, Boris"]
[Black "Karpov, Anatoly"]
[Result "1/2-1/2"]
[WhiteElo "2700"]
[BlackElo "2765"]
[PlyCount "46"]
[EventDate "1995.??.??"]
[Source "www.chesslib.no"]
[SourceDate "2004.05.04"]

1. e4 e5 2. Nf3 Nc6 3. Bb5 a6 4. Ba4 Nf6 5. O-O Be7 6. Re1 b5 7. Bb3 d6 8. c3 O-O 9. h3 Nd7 10. d4 Bf6 11. a4 Bb7 12. Na3 Nb6 13. axb5 axb5 14. d5 Ne7 15. Be3 c6 16. dxc6 Bxc6 17. Nh2 Ng6 18. Ng4 Be7 19. Qd3 Na4 20. Nxb5 Nxb2 21. Qe2 Bxb5 22. Qxb5 Rb8 23. Qd5 Nd3 1/2-1/2

[Event "Frankfurt-West Masters"]
[Site "Frankfurt"]
[Date "1999.07.02"]
[Round "11"]
[White "Leko, Peter"]
[Black "Svidler, Peter"]
[Result "1/2-1/2"]
[WhiteElo "2694"]
[BlackElo "2713"]
[PlyCount "89"]
[EventDate "1999.06.29"]
[Source "ChessBase"]
[SourceDate "1999.10.01"]

1. e4 e5 2. Nf3 Nc6 3. Bb5 a6 4. Ba4 Nf6 5. O-O Be7 6. Re1 b5 7. Bb3 O-O 8. c3 d6 9. h3 Nd7 10. d4 Bf6 11. a4 Bb7 12. d5 Ne7 13. axb5 axb5 14. Rxa8 Qxa8 15. Na3 Ba6 16. Nc2 Nc5 17. Nb4 Bc8 18. Bc2 Na6 19. Nxa6 Qxa6 20. Nh2 Ng6 21. Ng4 Be7 22. g3 f5 23. exf5 Bxf5 24. Bxf5 Rxf5 25. Qd3 Rf7 26. h4 Qc8 27. f3 Bxh4 28. gxh4 Nxh4 29. Re3 Rf4 30. Nf2 Qf8 31. Nh3 Rf5 32. Qe4 Nxf3+ 33. Kg2 Ng5 34. Nxg5 Rxg5+ 35. Rg3 Rxg3+ 36. Kxg3 Qf1 37. Bd2 h6 38. Qf3 Qg1+ 39. Kh3 Qb1 40. b4 e4 41. Qe3 Qf1+ 42. Kh2 Qf5 43. Qd4 Qh5+ 44. Kg1 Qd1+ 45. Kf2 1/2-1/2

[Event "Montecatini Terme"]
[Site "Montecatini Terme"]
[Date "2000.07.29"]
[Round "2"]
[White "Shirov, Alexei"]
[Black "Piket, Jeroen"]
[Result "1/2-1/2"]
[WhiteElo "2746"]
[BlackElo "2649"]
[PlyCount "74"]
[EventDate "2000.07.28"]
[Source "ChessBase"]
[SourceDate "2000.11.21"]

1. e4 e5 2. Nf3 Nc6 3. Bb5 a6 4. Ba4 Nf6 5. O-O Be7 6. Re1 b5 7. Bb3 d6 8. c3 O-O 9. h3 Nd7 10. d4 Bf6 11. a4 Bb7 12. axb5 axb5 13. Rxa8 Qxa8 14. d5 Na5 15. Bc2 Nc4 16. Nh2 Be7 17. Ng4 f5 18. exf5 Bxd5 19. b3 Ncb6 20. Ne3 Be4 21. Nd2 Bxc2 22. Qxc2 Nd5 23. Ne4 Nxe3 24. Bxe3 d5 25. Rd1 c6 26. c4 Nf6 27. cxd5 cxd5 28. Ng5 d4 29. Bd2 Rc8 30. Qd3 Qd5 31. Ne6 Kh8 32. Qg3 Rg8 33. Bg5 h6 34. Bd2 Ne4 35. Qf3 Nf6 36. Qg3 Ne4 37. Qf3 Nf6 1/2-1/2

[Event "Biel"]
[Site "?"]
[Date "2000.??.??"]
[Round "?"]
[White "Gelfand, B."]
[Black "Svidler, P."]
[Result "1/2-1/2"]
[WhiteElo "2680"]
[BlackElo "2685"]
[PlyCount "65"]
[EventDate "2000.??.??"]
[Source "Chess Informant"]
[SourceDate "2000.06.01"]

1. e4 e5 2. Nf3 Nc6 3. Bb5 a6 4. Ba4 Nf6 5. O-O Be7 6. Re1 b5 7. Bb3 d6 8. c3 O-O 9. h3 Nd7 10. d4 Bf6 11. a4 Bb7 12. Na3 exd4 13. cxd4 Re8 14. axb5 axb5 15. Bf4 Na5 16. Bc2 b4 17. Nb5 Bc6 18. Qd3 Nf8 19. d5 Bd7 20. e5 dxe5 21. Nxe5 b3 22. Nxd7 Qxd7 23. Rxe8 Rxe8 24. Bb1 Nb7 25. Nxc7 Bxb2 26. Nxe8 Bxa1 27. Qxb3 Qxe8 28. Qxb7 Qe1+ 29. Kh2 Qxf2 30. Bg3 Qe3 31. Bxh7+ Kh8 32. Bc2 Be5 33. Bxe5 1/2-1/2

[Event "Rotterdam"]
[Site "?"]
[Date "1989.??.??"]
[Round "?"]
[White "Sax, Gy"]
[Black "Karpov, An"]
[Result "0-1"]
[WhiteElo "2610"]
[BlackElo "2750"]
[PlyCount "128"]
[EventDate "1989.??.??"]
[Source "ChessBase"]
[SourceDate "1989.01.01"]

1. e4 e5 2. Nf3 Nc6 3. Bb5 a6 4. Ba4 Nf6 5. O-O Be7 6. Re1 b5 7. Bb3 d6 8. c3 O-O 9. h3 Nd7 10. d4 Bf6 11. Bd5 Bb7 12. dxe5 dxe5 13. Be3 Na5 14. Bxb7 Nxb7 15. Qc2 Qe7 16. Nbd2 Rfd8 17. Red1 Qe6 18. Nf1 Be7 19. a4 f6 20. b4 c6 21. N3d2 Nd6 22. f3 Rdc8 23. Bf2 Nb7 24. Qb3 Kf7 25. Ne3 Qxb3 26. Nxb3 Ke6 27. f4 Bf8 28. f5+ Ke7 29. c4 bxc4 30. Nxc4 Ke8 31. Rac1 Rab8 32. Ba7 Ra8 33. Bf2 Rc7 34. Rxd7 Rxd7 35. Nb6 Rb8 36. Nxd7 Kxd7 37. Ba7 Ra8 38. Rd1+ Kc7 39. Nc5 Bxc5+ 40. Bxc5 a5 41. Rc1 axb4 42. Bxb4 Rxa4 43. Bf8 Nd6 44. Bxg7 Nxe4 45. g4 Kd6 46. Rc2 Kd5 47. h4 Ra3 48. Rg2 Rf3 49. Bh6 c5 50. Kh2 c4 51. Rg1 c3 52. Rd1+ Kc4 53. Rd7 Rg3 54. g5 Rg4 55. Kh3 Nf2+ 56. Kh2 c2 57. Rc7+ Kd3 58. Bf8 fxg5 59. f6 Rxh4+ 60. Kg2 Rf4 61. Be7 Ne4 62. Rd7+ Ke2 63. Rc7 Kd1 64. Rd7+ Nd2 0-1

[Event "Tilburg"]
[Site "?"]
[Date "1996.??.??"]
[Round "?"]
[White "Almasi, Z."]
[Black "Adams, Mi"]
[Result "1/2-1/2"]
[WhiteElo "2655"]
[BlackElo "2685"]
[PlyCount "49"]
[EventDate "1996.??.??"]
[Source "ChessBase"]
[SourceDate "1996.10.01"]

1. e4 e5 2. Nf3 Nc6 3. Bb5 a6 4. Ba4 Nf6 5. O-O Be7 6. Re1 b5 7. Bb3 O-O 8. c3 d6 9. h3 Nd7 10. d4 Nb6 11. Nbd2 exd4 12. cxd4 Nb4 13. Nf1 c5 14. a3 Nc6 15. Ng3 Nxd4 16. Nxd4 cxd4 17. Qxd4 Bf6 18. Qb4 Be6 19. Nh5 Bxb3 20. Nxf6+ Qxf6 21. Qxb3 Rfe8 22. Bd2 Na4 23. Rab1 Rac8 24. f3 h6 25. Bb4 1/2-1/2

[Event "Warsaw"]
[Site "?"]
[Date "1999.??.??"]
[Round "?"]
[White "Ehlvest Jaan"]
[Black "Svidler Peter"]
[Result "0-1"]
[WhiteElo "2593"]
[BlackElo "2713"]
[PlyCount "104"]
[EventDate "1999.??.??"]
[Source "www.chesslib.no"]
[SourceDate "2004.05.04"]

1. e4 e5 2. Nf3 Nc6 3. Bb5 a6 4. Ba4 Nf6 5. O-O Be7 6. Re1 b5 7. Bb3 O-O 8. c3 d6 9. h3 Nd7 10. d4 Bf6 11. Be3 Na5 12. Bc2 Nc4 13. Bc1 Bb7 14. b3 Ncb6 15. Nbd2 g6 16. a4 bxa4 17. bxa4 a5 18. Ba3 Re8 19. Rb1 Bg7 20. Bd3 d5 21. exd5 Bxd5 22. Qc2 Bc6 23. Bb5 Bxb5 24. axb5 a4 25. dxe5 Nxe5 26. Nxe5 Rxe5 27. Rxe5 Bxe5 28. c4 Qf6 29. Nf3 Bf4 30. Qe4 Qf5 31. Qxf5 gxf5 32. c5 Nc4 33. Bc1 Bxc1 34. Rxc1 a3 35. Nd4 a2 36. Nc2 Nd2 37. Na1 Rb8 38. Rc2 Ne4 39. b6 cxb6 40. cxb6 Rxb6 41. Rxa2 Rb1+ 42. Kh2 f4 43. h4 Rf1 44. Nb3 Nxf2 45. Ra1 Rxa1 46. Nxa1 Kg7 47. Nc2 Kg6 48. Nd4 Kh5 49. g3 Kg4 50. gxf4 Kxf4 51. Kg2 Nd3 52. Kh3 Ke4 0-1

[Event "Esbjerg"]
[Site "?"]
[Date "2000.??.??"]
[Round "?"]
[White "Svidler, P."]
[Black "Grischuk, A."]
[Result "1/2-1/2"]
[WhiteElo "2680"]
[BlackElo "2605"]
[PlyCount "106"]
[EventDate "2000.??.??"]
[Source "Chess Informant"]
[SourceDate "2000.06.01"]

1. e4 e5 2. Nf3 Nc6 3. Bb5 a6 4. Ba4 Nf6 5. O-O Be7 6. Re1 b5 7. Bb3 d6 8. c3 O-O 9. h3 Nd7 10. d4 Bf6 11. a4 Bb7 12. d5 Ne7 13. axb5 axb5 14. Rxa8 Qxa8 15. Na3 Ba6 16. Nh2 Ng6 17. Ng4 Be7 18. Ne3 Rb8 19. Bd2 Bg5 20. Bc2 Bc8 21. Qa1 Qb7 22. c4 bxc4 23. Naxc4 Nf6 24. Na5 Qxb2 25. Nc6 Bxe3 26. Bxe3 Qxc2 27. Nxb8 Qxe4 28. Nc6 Nxd5 29. Qa8 Qf5 30. Na7 Nge7 31. g4 Qe6 32. Rb1 h6 33. Rb8 Kh7 34. Nxc8 Ng6 35. Qa2 e4 36. Na7 Ne5 37. Re8 Nf3+ 38. Kh1 Qxe8 39. Qxd5 Qa4 40. Kg2 Ne5 41. Nb5 c6 42. Nc3 cxd5 43. Nxa4 Nf3 44. Bf4 f5 45. gxf5 Nh4+ 46. Kf1 d4 47. Bxd6 Nxf5 48. Be5 e3 49. Nc5 exf2 50. Kxf2 g5 51. Kf3 h5 52. Ke4 Kg6 53. Ne6 g4 1/2-1/2

[Event "RUS-ch51"]
[Site "St Petersburg"]
[Date "1998.08.05"]
[Round "9"]
[White "Svidler, Peter"]
[Black "Smagin, Sergey"]
[Result "1-0"]
[WhiteElo "2710"]
[BlackElo "2575"]
[PlyCount "70"]
[EventDate "1998.07.28"]
[Source "ChessBase"]
[SourceDate "1998.11.30"]

1. e4 e5 2. Nf3 Nc6 3. Bb5 a6 4. Ba4 Nf6 5. O-O Be7 6. Re1 b5 7. Bb3 O-O 8. c3 d6 9. h3 Nd7 10. d4 Bf6 11. a4 Bb7 12. Na3 exd4 13. cxd4 Re8 14. Bf4 Na5 15. Bc2 b4 16. Nb1 Nf8 17. Nbd2 Ne6 18. Be3 c5 19. d5 Nf8 20. Rb1 c4 21. Qe2 Rc8 22. Nh2 b3 23. Bd1 Nd7 24. Ng4 Bxb2 25. Rxb2 c3 26. Rb1 cxd2 27. Bxd2 Nc5 28. Qf3 Nc4 29. Bc3 f5 30. Qxf5 Rc7 31. Bxb3 Rf8 32. Nf6+ gxf6 33. Bxc4 Rg7 34. Re3 Bc8 35. Qf4 Nxa4 1-0

[Event "Tilburg"]
[Site "?"]
[Date "1988.??.??"]
[Round "?"]
[White "Hjartarson, J."]
[Black "Short, N."]
[Result "1-0"]
[WhiteElo "2610"]
[BlackElo "2665"]
[PlyCount "81"]
[EventDate "1988.??.??"]
[Source "ChessBase"]
[SourceDate "1988.07.01"]

1. e4 e5 2. Nf3 Nc6 3. Bb5 a6 4. Ba4 Nf6 5. O-O Be7 6. Re1 b5 7. Bb3 d6 8. c3 O-O 9. h3 Nd7 10. d4 Bf6 11. a4 Bb7 12. axb5 axb5 13. Rxa8 Qxa8 14. Qd3 exd4 15. Qxb5 Nc5 16. Bd5 Rb8 17. Qc4 Na5 18. Bxf7+ Kh8 19. Qe2 Bxe4 20. cxd4 Bxf3 21. gxf3 Ncb3 22. Be3 d5 23. f4 c6 24. Qh5 Nc4 25. Bg6 h6 26. Bc2 Nxe3 27. Rxe3 Nxd4 28. Bd3 Kg8 29. Qg6 Kf8 30. Qh7 Qa7 31. Bg6 Nf3+ 32. Kh1 Qxe3 33. fxe3 Rxb2 34. Bc2 Ne1 35. Na3 Ke7 36. Kg1 Ra2 37. Kf1 Nf3 38. Qd3 Ra1+ 39. Nb1 Kd8 40. e4 Nd4 41. e5 1-0

[Event "Bad Homburg 73/399"]
[Site "?"]
[Date "1998.??.??"]
[Round "?"]
[White "Svidler, Peter"]
[Black "Gabriel, Christian"]
[Result "1-0"]
[WhiteElo "2710"]
[BlackElo "2555"]
[PlyCount "69"]
[EventDate "1998.??.??"]
[Source "ChessBase"]
[SourceDate "1998.06.01"]

1. e4 e5 2. Nf3 Nc6 3. Bb5 a6 4. Ba4 Nf6 5. O-O Be7 6. Re1 b5 7. Bb3 d6 8. c3 O-O 9. h3 Nd7 10. d4 Bf6 11. a4 Bb7 12. d5 Ne7 13. axb5 axb5 14. Rxa8 Qxa8 15. Na3 Ba6 16. Be3 Nc5 17. Bc2 c6 18. b4 Nd7 19. c4 bxc4 20. Ba4 Bb7 21. Nxc4 cxd5 22. Nxd6 dxe4 23. Nh2 Bc6 24. b5 Bd5 25. b6 Rd8 26. Bxd7 Rxd7 27. Nxe4 Kh8 28. Nxf6 gxf6 29. Qh5 Ng6 30. Ng4 Rd6 31. Rd1 f5 32. Bc5 Nf4 33. Qxf5 Bb3 34. Qxe5+ f6 35. Qxf4 1-0

[Event "Belfort Masters 6th"]
[Site "Belfort"]
[Date "2003.12.21"]
[Round "7"]
[White "Bauer, Christian"]
[Black "Fressinet, Laurent"]
[Result "1-0"]
[WhiteElo "2602"]
[BlackElo "2654"]
[PlyCount "73"]
[EventDate "2003.12.15"]
[Source "ChessBase"]
[SourceDate "2004.03.30"]

1. e4 e5 2. Nf3 Nc6 3. Bb5 a6 4. Ba4 Nf6 5. O-O Be7 6. Re1 b5 7. Bb3 d6 8. c3 O-O 9. h3 Nd7 10. d4 Bb7 11. Nbd2 Bf6 12. Nf1 Re8 13. N1h2 exd4 14. cxd4 Na5 15. Bc2 c5 16. Ng4 cxd4 17. Nxd4 Bxd4 18. Qxd4 Rc8 19. Qd1 Nc4 20. a4 Nc5 21. axb5 axb5 22. f3 Qb6 23. Kh1 Ne6 24. b3 Qd4 25. Ra2 Ne5 26. Ne3 Nc6 27. Bb1 Qxd1 28. Rxd1 Nc5 29. Nf5 Nb4 30. Rb2 Rcd8 31. Be3 Ne6 32. Nxd6 Re7 33. Rbd2 Ra8 34. Nxb5 g5 35. Nd4 f6 36. Nxe6 Rxe6 37. Bc5 1-0

[Event "World Cup"]
[Site "Skelleftea SWE"]
[Date "1989.08.??"]
[Round "7"]
[White "Nunn, John D M"]
[Black "Short, Nigel D"]
[Result "1/2-1/2"]
[WhiteElo "2575"]
[BlackElo "2660"]
[PlyCount "37"]
[EventDate "1989.08.??"]
[Source "www.chesslib.no"]
[SourceDate "2004.05.04"]

1. e4 e5 2. Nf3 Nc6 3. Bb5 a6 4. Ba4 Nf6 5. O-O Be7 6. Re1 b5 7. Bb3 d6 8. c3 O-O 9. h3 Nd7 10. d4 Bf6 11. a4 Rb8 12. axb5 axb5 13. Be3 Ne7 14. Ng5 h6 15. Bxf7+ Rxf7 16. Ne6 Qe8 17. Nxc7 Qd8 18. Ne6 Qe8 19. Nc5 1/2-1/2

[Event "ENG-ch m"]
[Site "ENG"]
[Date "1991.??.??"]
[Round "2"]
[White "Short, Nigel D"]
[Black "Hodgson, Julian M"]
[Result "1-0"]
[WhiteElo "2660"]
[BlackElo "2570"]
[PlyCount "102"]
[EventDate "1991.12.??"]
[Source "ChessBase"]

1. e4 e5 2. Nf3 Nc6 3. Bb5 a6 4. Ba4 Nf6 5. O-O Be7 6. Re1 b5 7. Bb3 d6 8. c3 O-O 9. h3 Nd7 10. d4 Nb6 11. Nbd2 exd4 12. cxd4 Nb4 13. Nf1 c5 14. a3 Nc6 15. N1h2 cxd4 16. Nxd4 Nxd4 17. Qxd4 Bf6 18. Qd1 Re8 19. Ng4 Bxg4 20. hxg4 Nc4 21. Rb1 Rc8 22. Re2 h6 23. Bf4 Nxb2 24. Rbxb2 Bxb2 25. Rxb2 Qf6 26. Qd2 Rxe4 27. g3 Rd4 28. Qe2 Rxf4 29. gxf4 Qxf4 30. Rc2 Rxc2 31. Qe8+ Kh7 32. Bxc2+ g6 33. Qe4 Qxe4 34. Bxe4 a5 35. f4 Kg7 36. Kf2 b4 37. a4 h5 38. gxh5 gxh5 39. Kg3 Kf6 40. Kh4 Ke6 41. Kxh5 d5 42. Bc2 Kd6 43. Bb3 Kc5 44. Kg4 Kd4 45. Kf5 Ke3 46. Bxd5 f6 47. Kxf6 Kxf4 48. Ke6 Ke3 49. Kd6 Kd4 50. Kc6 Kc3 51. Kb5 b3 1-0

[Event "Candidats m5"]
[Site "Wijk aan Zee"]
[Date "1991.??.??"]
[Round "2"]
[White "Sax, Gyula"]
[Black "Kortschnoj, Viktor"]
[Result "1/2-1/2"]
[WhiteElo "2605"]
[BlackElo "2615"]
[PlyCount "91"]
[EventDate "1991.01.??"]
[Source "ChessBase"]

1. e4 e5 2. Nf3 Nc6 3. Bb5 a6 4. Ba4 Nf6 5. O-O Be7 6. Re1 b5 7. Bb3 d6 8. c3 O-O 9. h3 Nd7 10. d4 Bf6 11. a4 Bb7 12. Na3 Ne7 13. Rb1 c6 14. Be3 Qc7 15. Ng5 bxa4 16. Bxa4 d5 17. Bc2 h6 18. Nf3 exd4 19. cxd4 dxe4 20. Bxe4 Nd5 21. Bd2 Rfe8 22. Nc4 Re7 23. Ba5 Qb8 24. Qb3 Ra7 25. Qa3 Ba8 26. Rbc1 Re6 27. Bf5 Rxe1+ 28. Rxe1 Nf8 29. Nce5 Be7 30. Qa2 Bb4 31. Bxb4 Qxb4 32. Nd3 Qb6 33. Re8 Nf6 34. Re1 a5 35. Nc5 Bb7 36. Ne5 Ba6 37. Rc1 Re7 38. Nxa6 Qxa6 39. b4 Qb6 40. bxa5 Qb5 41. Nxc6 Re2 42. Qa3 Qxf5 43. Ne7+ Rxe7 44. Qxe7 Qxa5 45. Rc8 N6h7 46. Rd8 1/2-1/2

[Event "Barcelona"]
[Site "?"]
[Date "1989.??.??"]
[Round "?"]
[White "Beliavsky, A."]
[Black "Spassky, B."]
[Result "1-0"]
[WhiteElo "2640"]
[BlackElo "2580"]
[PlyCount "123"]
[EventDate "1989.??.??"]
[Source "ChessBase"]
[SourceDate "1989.01.01"]

1. e4 e5 2. Nf3 Nc6 3. Bb5 a6 4. Ba4 Nf6 5. O-O Be7 6. Re1 b5 7. Bb3 d6 8. c3 O-O 9. h3 Nd7 10. d4 Nb6 11. Nbd2 Bf6 12. d5 Na5 13. Bc2 g6 14. Nf1 Bg7 15. Bg5 f6 16. Be3 Bd7 17. b3 Nb7 18. a4 bxa4 19. b4 a5 20. Bxb6 cxb6 21. Bxa4 b5 22. Bc2 Qc7 23. Ra3 Bh6 24. Qa1 f5 25. Qa2 Kh8 26. Ra1 Rac8 27. Bd3 a4 28. Qe2 Qb6 29. N1d2 Rc7 30. Re1 Rfc8 31. Nb1 Rf8 32. Ra2 Nd8 33. Rc2 Nf7 34. Na3 fxe4 35. Bxe4 Qb8 36. h4 Kg7 37. Qd3 Rb7 38. g3 Qd8 39. Kg2 Qf6 40. Rh1 Rfb8 41. Nh2 g5 42. Nf3 Rh8 43. hxg5 Bxg5 44. Bxh7 Bg4 45. Ng1 Rbb8 46. c4 Bh6 47. Be4 bxc4 48. Rxc4 Bg5 49. Bh7 Bc8 50. b5 Rb7 51. Nf3 Bh6 52. Be4 Ng5 53. Nxg5 Qxg5 54. Rc6 Rf8 55. Rxd6 Rbf7 56. f3 Rf6 57. Rxf6 Qxf6 58. Nc4 Bd7 59. b6 Bb5 60. Rb1 Ba6 61. b7 Rb8 62. d6 1-0

[Event "Pula"]
[Site "?"]
[Date "1997.??.??"]
[Round "?"]
[White "Lanka, Z."]
[Black "Svidler, P."]
[Result "1/2-1/2"]
[WhiteElo "2575"]
[BlackElo "2640"]
[PlyCount "56"]
[EventDate "1997.??.??"]
[Source "ChessBase"]
[SourceDate "1997.02.01"]

1. e4 e5 2. Nf3 Nc6 3. Bb5 a6 4. Ba4 Nf6 5. O-O Be7 6. Re1 b5 7. Bb3 d6 8. c3 O-O 9. h3 Nd7 10. d4 Bf6 11. d5 Ne7 12. a4 Bb7 13. axb5 axb5 14. Rxa8 Qxa8 15. Na3 Ba6 16. Nh2 Ng6 17. g3 Rb8 18. Bd2 Be7 19. h4 Nc5 20. Bc2 Bc8 21. Qa1 c6 22. b4 Nd7 23. dxc6 Qxc6 24. Bb3 Nf6 25. Qa2 Qe8 26. Bg5 Ra8 27. Nf1 Bb7 28. Nd2 h6 1/2-1/2

[Event "Campionato europeo 2007"]
[Site "Dresda GER"]
[Date "2007.04.12"]
[Round "9.14"]
[White "Lupulescu, Constantin"]
[Black "Socko, Bartosz"]
[Result "1/2-1/2"]
[WhiteElo "2565"]
[BlackElo "2641"]
[PlyCount "99"]
[EventDate "2007.04.03"]
[Source "www.chesslib.no"]
[SourceDate "2004.05.04"]

1. e4 e5 2. Nf3 Nc6 3. Bb5 a6 4. Ba4 Nf6 5. O-O Be7 6. Re1 b5 7. Bb3 d6 8. c3 O-O 9. h3 Nd7 10. d4 Bf6 11. Be3 Na5 12. Bc2 Nc4 13. Bc1 Bb7 14. Nbd2 Nxd2 15. Qxd2 c5 16. d5 c4 17. Qe2 g6 18. Be3 Bg7 19. b3 cxb3 20. axb3 Qc7 21. Rec1 Rfc8 22. Bb1 Qd8 23. Ne1 Qf8 24. Qd2 f5 25. f3 f4 26. Bf2 g5 27. c4 bxc4 28. bxc4 h5 29. Nd3 Rc7 30. Qe2 Bc8 31. Ba2 g4 32. fxg4 hxg4 33. Qxg4 Nc5 34. Qf3 Nxd3 35. Qxd3 f3 36. Qxf3 Qxf3 37. gxf3 Bh6 38. Rcb1 Bxh3 39. Kh2 Bc8 40. Rb6 Bf4+ 41. Kg2 Rh7 42. Rh1 Rxh1 43. Kxh1 Bh3 44. Bg1 Kf7 45. Rb7+ Kf6 46. Rh7 Bf1 47. Bh2 Be3 48. Bg1 Bf4 49. Bh2 Be3 50. Bg1 1/2-1/2

[Event "Tilburg"]
[Site "Tilburg"]
[Date "1988.??.??"]
[Round "?"]
[White "Van der Wiel, John TH"]
[Black "Short, Nigel D"]
[Result "0-1"]
[WhiteElo "2540"]
[BlackElo "2665"]
[PlyCount "138"]
[EventDate "1988.09.??"]
[Source "ChessBase"]

1. e4 e5 2. Nf3 Nc6 3. Bb5 a6 4. Ba4 Nf6 5. O-O Be7 6. Re1 b5 7. Bb3 d6 8. c3 O-O 9. h3 Nd7 10. d4 Bf6 11. Bd5 Bb7 12. dxe5 dxe5 13. Be3 Na5 14. Bxb7 Nxb7 15. Qc2 Ndc5 16. Rd1 Qe7 17. Nbd2 Rfd8 18. Nf1 h5 19. Bxc5 Nxc5 20. Ne3 c6 21. b4 Ne6 22. Rxd8+ Rxd8 23. a4 g6 24. Rd1 Bg7 25. axb5 axb5 26. Rxd8+ Qxd8 27. c4 Nd4 28. Qa2 bxc4 29. Nxc4 Nxf3+ 30. gxf3 Bf8 31. Qa4 Qg5+ 32. Kh2 Qc1 33. Qxc6 Qf1 34. Nxe5 Qxf2+ 35. Kh1 Qe1+ 36. Kg2 Qd2+ 37. Kf1 Qf4 38. Qd5 Bg7 39. Nd3 Qxf3+ 40. Nf2 Bf6 41. Qd3 Qf4 42. Ke2 Qc1 43. Nd1 Kg7 44. b5 Qc5 45. Ne3 Qb4 46. Qc4 Qb2+ 47. Nc2 Qe5 48. Kd3 Qd6+ 49. Qd5 Qg3+ 50. Ne3 Qxh3 51. b6 Qg3 52. b7 h4 53. Qb5 Be5 54. Kc4 Qf4 55. Qd5 Bb8 56. Qd4+ Qf6 57. Ng4 Qxd4+ 58. Kxd4 Kf8 59. Ne5 Bc7 60. Nf3 h3 61. e5 g5 62. Nh2 f5 63. Kd5 Ke8 64. Ke6 g4 65. Nf1 f4 66. Nh2 g3 67. Ng4 h2 68. Nf6+ Kd8 69. Kf7 Bxe5 0-1

[Event "HUN-ch"]
[Site "Budapest"]
[Date "1997.10.21"]
[Round "1"]
[White "Almasi, Zoltan"]
[Black "Pinter, Jozsef"]
[Result "1/2-1/2"]
[WhiteElo "2615"]
[BlackElo "2590"]
[PlyCount "55"]
[EventDate "1997.10.21"]
[Source "ChessBase"]
[SourceDate "1998.01.31"]

1. e4 e5 2. Nf3 Nc6 3. Bb5 a6 4. Ba4 Nf6 5. O-O Be7 6. Re1 b5 7. Bb3 d6 8. c3 O-O 9. h3 Nd7 10. d4 Bf6 11. a4 Na5 12. Bc2 Bb7 13. Nbd2 c5 14. d5 c4 15. b4 cxb3 16. Nxb3 Nxb3 17. Bxb3 Qc7 18. Ba3 Nc5 19. Bc2 Rfb8 20. a5 Bc8 21. Bb4 Bd7 22. Qd2 h6 23. Qe3 Rc8 24. Rec1 Qd8 25. Kh2 Rc7 26. Rg1 Rac8 27. Rac1 Qe7 28. g3 1/2-1/2

[Event "Thessaloniki (ol)"]
[Site "?"]
[Date "1988.??.??"]
[Round "?"]
[White "Anand, V."]
[Black "Speelman, J."]
[Result "1/2-1/2"]
[WhiteElo "2555"]
[BlackElo "2645"]
[PlyCount "104"]
[EventDate "1988.??.??"]
[Source "ChessBase"]
[SourceDate "1988.07.01"]

1. e4 e5 2. Nf3 Nc6 3. Bb5 a6 4. Ba4 Nf6 5. O-O Be7 6. Re1 b5 7. Bb3 d6 8. c3 O-O 9. h3 Nd7 10. d4 Bf6 11. a4 Bb7 12. axb5 axb5 13. Rxa8 Qxa8 14. d5 Ne7 15. Na3 Ba6 16. Nh2 g6 17. Bc2 Qb7 18. b4 Bg7 19. c4 Rd8 20. Bg5 f6 21. cxb5 fxg5 22. Bd3 Rf8 23. Qd2 Nb8 24. bxa6 Nxa6 25. Rb1 Qa7 26. Nb5 Qb6 27. Nf3 Bf6 28. Ra1 Nb8 29. Ra2 h6 30. Qc3 c6 31. dxc6 Nbxc6 32. Ra4 h5 33. Bc4+ Kg7 34. Qa3 g4 35. Ra6 Qb7 36. hxg4 hxg4 37. Nh2 g3 38. fxg3 Nxb4 39. Rxd6 Qxe4 40. Qxb4 Bg5 41. Rd7 Kh6 42. Rd1 Be3+ 43. Kh1 Rf2 44. Nf3 Rxf3 45. Qxe7 Rf5 46. Be2 Rf2 47. Rg1 Bb6 48. Nc3 Qd4 49. g4 Rf7 50. Qh4+ Kg7 51. Rc1 Rf8 52. Rd1 Qxc3 1/2-1/2

[Event "Selfoss Milk Masters 2nd"]
[Site "Selfoss"]
[Date "2003.11.07"]
[Round "9"]
[White "Rowson, Jonathan"]
[Black "Fressinet, Laurent"]
[Result "1/2-1/2"]
[WhiteElo "2541"]
[BlackElo "2654"]
[PlyCount "40"]
[EventDate "2003.10.29"]
[Source "ChessBase"]
[SourceDate "2004.02.03"]

1. e4 e5 2. Nf3 Nc6 3. Bb5 a6 4. Ba4 Nf6 5. O-O Be7 6. Re1 b5 7. Bb3 d6 8. c3 O-O 9. h3 Nd7 10. d4 Nb6 11. Nbd2 Bf6 12. Nf1 Re8 13. Bc2 g6 14. Bh6 Bd7 15. Rc1 Na5 16. b3 c5 17. Qd2 Nc6 18. Be3 Qe7 19. Rcd1 Rac8 20. Bb1 Rc7 1/2-1/2

[Event "Hastings 8899"]
[Site "Hastings"]
[Date "1988.??.??"]
[Round "?"]
[White "Kosten, Anthony C"]
[Black "Short, Nigel D"]
[Result "1/2-1/2"]
[WhiteElo "2515"]
[BlackElo "2665"]
[PlyCount "54"]
[EventDate "1988.12.??"]
[Source "ChessBase"]

1. e4 e5 2. Nf3 Nc6 3. Bb5 a6 4. Ba4 Nf6 5. O-O Be7 6. Re1 b5 7. Bb3 d6 8. c3 O-O 9. h3 Nd7 10. d4 Bf6 11. a4 Bb7 12. axb5 axb5 13. Rxa8 Qxa8 14. d5 Ne7 15. Na3 Ba6 16. Nc2 Nc5 17. Nb4 Nxb3 18. Qxb3 Bb7 19. Qc2 h6 20. Qd3 Qe8 21. Be3 Qd7 22. Rd1 Kh7 23. Qd2 Ra8 24. Nh2 Ng6 25. Nf1 Qe8 26. Ng3 Bc8 27. Nh5 Be7 1/2-1/2